| 000 | 00411pab a2200169 454500 | ||
|---|---|---|---|
| 008 | 180718b1976 xxu||||| |||| 00| 0 eng d | ||
| 100 | _aBalachandran, M.K. | ||
| 245 | _aA case for property tax assessment tribunals | ||
| 260 | _c1976 | ||
| 300 | _ap.47-52. | ||
| 362 | _aOct-Dec | ||
| 650 | _aAdministrative tribunals | ||
| 650 | _aProperty tax | ||
| 773 | _aNagarlok | ||
| 908 | _aN | ||
| 909 | _a102435 | ||
| 999 |
_c102433 _d102433 |
||